000 00506nam a2200217 454500
001 083940
003 BD-ChCU
008 Eng
020 _a0631133429
040 _aDLC
_cDLC
_dBD-ChCU
082 0 0 _a330.9/S474r
100 1 _aSen, Amartya.
_bx
245 1 0 _aResources, values and development
_bx
250 _ax
260 _aBasil Blacdwell
_bOxcord
_c1984
300 _aviii, 547
504 _a
650 0 _aEconomic conditions
_bEconomic development
700 1 _ax
942 _2ddc
_cBK
999 _c83940
_d83940